[Event "Calvia ol (Men)"]
[Site "Mallorca"]
[Date "2004.10.18"]
[Round "4"]
[White "Morozevich, Alexander"]
[Black "Ivanchuk, Vassily"]
[Result "0-1"]
[WhiteElo "2758"]
[BlackElo "2705"]
[Annotator "Lukacs"]
[PlyCount "59"]
[EventDate "2004.10.15"]
[EventType "swiss"]
[EventRounds "14"]
[EventCountry "ESP"]
[Source "ChessBase"]
[SourceDate "2005.01.27"]
[WhiteTeam "Russia"]
[BlackTeam "Ukraine"]
[WhiteTeamCountry "RUS"]
[BlackTeamCountry "UKR"]

1. e4 c6 2. d4 d5 3. e5 Bf5 4. f4 $5 e6 5. Nf3 c5 6. Be3 {White wants to
strengthen his [+] by all means.} (6. Nc3 Nc6 7. Be3 Bg4 8. Be2 Nh6 9. dxc5
Bxf3 10. Bxf3 Nf5 11. Bg1 (11. Bf2 {looked more natural.}) 11... g5 $5 12. Qd3
Qa5 (12... Nh4 $5 13. g3 Nxf3+ 14. Qxf3 Qa5 15. O-O-O $14) 13. O-O-O (13. Qb5
Qc7 14. Bxd5 $1 gxf4 15. O-O-O O-O-O) 13... O-O-O 14. Qb5 Qxb5 (14... Qc7 {
avoiding the exchange of Q leads to an unexpected blow...} 15. Nxd5 $1 Rxd5 (
15... exd5 16. Bg4 Nce7 17. Qd3 Qd7 18. c6 $1 bxc6 19. Bc5 $16 {and Black
founders on the pin.}) 16. Rxd5 (16. Bxd5 exd5 17. Qd3 Nfe7 $13) 16... exd5 17.
Bg4 gxf4 18. Bxf5+ Kb8 19. Bf2 $16 {Granda Zuniga-Aderito, Calvia 2004}) 15.
Nxb5 gxf4 $13) 6... cxd4 $142 (6... Nc6 7. dxc5 (7. Nc3) 7... Qa5+ (7... Nh6 8.
Nc3) 8. c3 Bxc5 9. b4 Nxb4 10. cxb4 Bxb4+ 11. Bd2 {Black has not enough
counterplay for the sacrificed piece.} Rc8 12. Nd4 Bg4 13. Be2 Bxe2 14. Nxe2
Nh6 15. O-O $16 {Stefansson-P.Johansson, Gausdal 1986}) 7. Nxd4 Ne7 8. Bb5+ (8.
c4 $5 {White wants to open up the position in order to exploit his better
development.} dxc4 (8... a6 $5 9. Nc3 dxc4 {- 8...dxc4}) (8... Nbc6 $6 9. Nb5
$1 $16) 9. Nc3 (9. Bxc4 Nbc6) 9... Nbc6 (9... a6 $5 10. Bxc4 Nbc6) 10. Qa4 $142
(10. Ndb5 Nd5 $1 11. Nxd5 exd5 12. Qxd5 Nb4 13. Qxd8+ Rxd8 $13) 10... a6 (10...
Bd3 $5) 11. Rd1 (11. O-O-O $5 Bd3 $1) 11... Bd3 $1 (11... Qa5 $6 12. Nxf5 Nxf5
13. Qxa5 Nxa5 14. Bb6 Nc6 (14... Bb4 15. a3 Bxc3+ 16. bxc3 Nc6 17. Bxc4 $14)
15. Bxc4 $14) 12. Bxd3 cxd3 13. Rxd3 b5 (13... Qa5 14. Nxc6 Qxa4 (14... Nxc6
15. Qxa5 Nxa5 16. Ke2 $14) 15. Nxa4 Nxc6 16. a3 $14) (13... Nf5 $5 14. Rd2
Nfxd4 15. Bxd4 b5 16. Qd1 Qh4+ 17. g3 Qh3 $13) 14. Qd1 Nb4 15. Rd2 Ned5 $13 {
and if the blockade of d5 works, Black can finally finish his development.})
8... Nd7 (8... Nbc6 9. O-O a6 (9... Bg6 10. Nd2 $14) 10. Bxc6+ bxc6 (10... Nxc6
11. Nxf5 exf5 12. c3 $16) 11. g4 {White has to play agressively here, the P
structure is not so important.} Be4 12. Nd2 $36) 9. O-O a6 10. Be2 (10. Ba4 $5
{keeping the pin was possible.} b5 (10... Bg6 $140 11. f5 $1 Nxf5 12. Nxf5 Bxf5
13. Rxf5 exf5 14. Qxd5 $16) (10... Qc7 11. Nd2 Bg6 (11... b5 $2 12. Bxb5 $1)
12. N2f3 $14) 11. Bb3 $36) 10... g5 $5 (10... Bg6 11. Nd2 $14) 11. g4 $6 {This
is too sharp already.} (11. fxg5 Qc7 (11... Nxe5 12. Nxf5 (12. Nc3 Bg7 13. Nxf5
Nxf5 14. Rxf5 exf5 (14... d4 15. Bxd4)) 12... Nxf5 13. Rxf5 exf5 14. Nc3 $44) (
11... Bg7 12. Nxf5 Nxf5 13. Rxf5 exf5 14. Nc3 $44) 12. Nc3 $5 (12. Nxf5 $6 Nxf5
13. Rxf5 $1 exf5 14. Nc3 (14. Qxd5 O-O-O $15) 14... Bc5 $1 $15) (12. Nd2 {/\ c4
}) 12... Bg6 13. Ndb5 $1 axb5 14. Nxb5 Qb8 $1 (14... Qxe5 15. Bd4 $1 $18) 15.
Nd6+ Kd8 16. Nxf7+ Bxf7 17. Rxf7 Nf5 (17... Nxe5 18. Rf6) 18. Rxf5 $1 exf5 19.
Bf4 $1 $44 {White has already sacrificed a whole R, but the black pieces lack
any of harmony.}) 11... gxf4 (11... Be4 12. f5 $1 $40) 12. gxf5 Nxf5 $1 (12...
fxe3 13. fxe6 fxe6 (13... Nxe5 14. exf7+ Nxf7 15. Nc3 $44) 14. Bh5+ $1 Ng6 15.
Qg4 Ndxe5 (15... Qe7 16. Bxg6+ hxg6 17. Qxg6+ Kd8 18. Nxe6+ Kc8 19. Nc3 $16)
16. Qxe6+ Qe7 17. Nc3 Qxe6 18. Nxe6 Bd6 (18... Kd7 19. Nxf8+ Raxf8 20. Nxd5 Ke6
21. Nxe3 Nf4 22. Bf3 $1 Nh3+ 23. Kg2 Rhg8+ 24. Bg4+ Nxg4 25. Nxg4 $16) 19. Nxd5
$14) 13. Nxf5 (13. Bf2 Rg8+ $1 (13... Qg5+ 14. Kh1 Ng3+ (14... Nxe5 15. Rg1)
15. Bxg3 fxg3 16. Rg1 $1 $16) 14. Kh1 Ng3+ $1 15. Bxg3 fxg3 16. Rg1 Nxe5 17.
Rxg3 Rxg3 18. hxg3 Qg5 19. Kg2 Bd6 $13) 13... fxe3 14. Nc3 $6 (14. Nd6+ $142
Bxd6 15. exd6 $13) (14. Nxe3) 14... Rg8+ 15. Kh1 Qg5 (15... exf5 16. Qxd5 Qe7)
16. Bf3 $2 (16. Ng3 Qxe5 $13 (16... Nxe5 17. Qd4 $1 $36) (16... O-O-O 17. Rxf7
h5 18. Bxh5 Bc5 (18... Nxe5 19. Qd4 $1) 19. Qe2 Nxe5 $13)) 16... Nxe5 (16...
Qxf5 $2 17. Bh5 $16) 17. Qe2 (17. Bxd5 $2 O-O-O $19) (17. Nxd5 $2 O-O-O $19) (
17. Ng3) 17... Qxf5 (17... exf5 18. Nxd5 Bd6 (18... O-O-O 19. Rg1 Ng4 20. Qc4+
Kb8 21. Qc7+ Ka7 22. Qb6+ Kb8 $13) 19. Rg1 Ng4 20. Nxe3 O-O-O 21. Nxf5 h5 $13)
18. Bxd5 Qh3 $1 {Black concentrates on the enemy K.} (18... Qg4 19. Qxe3 Qg5
$13 (19... O-O-O 20. Be4 $5 (20. Rg1 exd5 21. Rxg4 Nxg4 22. Qd4 $14) 20... f5
21. Rg1 $14)) 19. Bxb7 Ra7 (19... Rd8 20. Ne4) 20. Bf3 (20. Bg2 Qg4 $15 (20...
Qh4 $5)) 20... Bh6 (20... Be7 21. Qxe3 (21. Rad1 f5) 21... Nxf3 22. Qxf3 Qxf3+
23. Rxf3 Rd7 $17) (20... Bc5 21. Ne4 Be7 22. Qxe3 Nxf3 23. Qxf3 Qxf3+ 24. Rxf3
f5 $17) 21. Ne4 Ke7 (21... Rg6 $1 {was better.} 22. Bh5 Rg7 23. Rad1 (23. Rf6
Bg5) 23... Ke7 24. Nf6 (24. Rf6 Qh4 $1 $17) 24... Qh4 (24... Rc7 $5 25. c3 Rc4)
25. c3 Bf4 $1 26. Rd4 Qxf6 27. Rdxf4 Qg5 $17) 22. Qe1 f5 (22... a5 23. Qc3 Nd7
24. Qa3+ Kd8 25. Qc3) 23. Qb4+ Kf7 {[#]} 24. Qd4 $2 ({missing the saving move} 
24. Nd6+ $1 Kf6 (24... Kg6 25. Bg2 Qg4 26. Be4) 25. Ne4+ Kf7 26. Nd6+ $11)
24... Nxf3 25. Qf6+ (25. Qxa7+ {is no escape of trouble either.} Kg6 26. Rg1+
Bg5 (26... Kh5 27. Qf7+ Kh4) 27. Rxg5+ Kh6 $1 (27... Nxg5 28. Nxg5 Kxg5 29.
Rg1+ Kh6 30. Rxg8 Qf1+ 31. Rg1 Qf3+ 32. Rg2 $11) 28. Rh5+ (28. Qc7 Nxg5) 28...
Qxh5 29. Qxe3+ Rg5 $1 $19) 25... Ke8 26. Qxe6+ Kf8 27. Qf6+ (27. Qc8+ Kg7 28.
Qc3+ Kg6 29. Qc6+ Kh5 30. Nf6+ Kh4 31. Qxf3 Qxf3+ 32. Rxf3) 27... Rf7 28. Qd6+
(28. Qd8+ Kg7 29. Rg1+) 28... Kg7 29. Rg1+ Kh8 30. Nf6 0-1

[Event "Calvia ol (Men)"]
[Site "Mallorca"]
[Date "2004.10.27"]
[Round "12"]
[White "Socko, Bartosz"]
[Black "Karjakin, Sergey"]
[Result "0-1"]
[WhiteElo "2570"]
[BlackElo "2576"]
[Annotator "Ftacnik,L"]
[PlyCount "62"]
[EventDate "2004.10.15"]
[EventType "team-swiss"]
[EventRounds "14"]
[EventCountry "ESP"]
[Source "ChessBase"]
[SourceDate "2005.01.27"]
[WhiteTeam "Poland"]
[BlackTeam "Ukraine"]
[WhiteTeamCountry "POL"]
[BlackTeamCountry "UKR"]

1. e4 c5 2. Nf3 d6 3. d4 cxd4 4. Nxd4 Nf6 5. Nc3 a6 6. g3 e5 7. Nb3 Be7 8. Bg2
b5 9. O-O Nbd7 10. Bd2 O-O 11. a4 {This variation with the move 10.Bd2 was
propagated by Sergej Movsesian around the year 2002. Until Black has found the
antidote, the concept seemed dangerous enough but after this game the
evaluation might change.} b4 12. Nd5 Nxd5 13. exd5 a5 14. c3 bxc3 15. Bxc3 Qb6
16. Ra3 {A logical move, even though from the point of harmony of white forces
not a nice one. White is preparing the move Qd2 with the pressure against the
a5 pawn.} f5 17. Re1 (17. Qd2 Bd8) 17... Bd8 18. Nd2 Ba6 (18... f4 19. g4 Ba6
20. Ne4 Rb8 $15) 19. Nb3 Bb7 20. Nd2 Rc8 (20... Ba6 21. Nb3 $11) 21. Nb3 (21.
Rb3 Qa7 22. Qe2 Qa8 $17) 21... Qa7 22. Qd2 Ra8 {Karjakin has managed to defend
himself and he prepares to start the counterattack. Socko is poorly prepared
for the defence.} 23. Nc1 (23. Raa1 Bb6 24. Bh3 Nf6 25. Bxf5 Nxd5 $17) 23...
Nf6 (23... Bb6 24. b4 Nf6 25. bxa5 Bc5 26. Bb4 e4 $17) 24. b4 Ne4 $1 25. Bxe4 (
25. Qb2 Nxf2 26. Bd4 Qxd4 27. Qxd4 exd4 28. Kxf2 axb4 $19) 25... fxe4 26. bxa5
(26. Re2 Rxf2 27. Rxf2 e3 28. Rf8+ Kxf8 $19) (26. Rf1 Bb6 27. bxa5 Bc5 28. Bb4
Bxb4 29. Qxb4 Ba6 $19) 26... Bg5 $1 {Karjakin was the most successful player
of the Calvia Olympiad on two counts - percentage of points and rating
performance. Here he demonstrates, how to play simple, logical and very
efficient chess.} 27. Qa2 (27. Qxg5 Qxf2+ 28. Kh1 e3 $19) 27... e3 (27... Qc5
28. a6 Bxd5 29. Bb4 Qxb4 30. Qxd5+ Kh8 $19) 28. f3 (28. Nd3 Ba6 29. Bxe5 Bxd3
$19) 28... e2+ 29. Kg2 Rxf3 $1 {White forces are so poorly coordinated, that
Black can engage in shooting practice against White King.} 30. Qxe2 (30. Kxf3
Qe3+ 31. Kg2 (31. Kg4 Bc8+ 32. Kh5 g6#) 31... Qe4+ 32. Kf2 Rf8+ 33. Kg1 Be3#)
30... Bxc1 (30... Bxd5 31. Qxf3 Bxf3+ 32. Kxf3 Rf8+ $19) 31. Kxf3 (31. Bd4 Qxd4
32. Rxf3 Bg5 33. Rd1 Qxa4 $19) 31... Bxa3 {It is hard to tell, if there was a
mistake in the bulletin. Normal mortals would go for 31...Bxd5+, but the
youngster from Ukraine might have decided, that anything logical wins.} (31...
Bxd5+ 32. Kg4 (32. Qe4 $19) 32... Qd7+ 33. Kh4 g5+ 34. Kh5 Qh3#) 0-1